000 00595nam a2200229Ia 4500
003 OSt
005 20220918175902.0
006 a|||||r|||| 00| 0
007 ta
008 220917b |||||||| |||| 00| 0 eng d
024 _a19,466
037 _cTextual
040 _aARTS
_cARTS
_beng
041 _2eng
_aeng
082 _aO:2M56w, J61-;1
100 _aShaw Bernard
_910893
245 0 _aAdvice to a young critics
_b Letters 1894-1928
260 _c1956
650 _aENGLISH LITERATURE
942 _hO:2M56w, J61-;1
_cTEXL
_2CC
999 _c159382
_d159382